| 000 | 00737nam a22002057a 4500 | ||
|---|---|---|---|
| 999 |
_c5169 _d5169 |
||
| 003 | AR-CdUCM | ||
| 008 | 190312b ||||| |||| 00| 0 spa d | ||
| 040 |
_aMUNICIPALIDAD PROVINCIAL DEL CUSCO _cBIBLIOTECA MUNICIPAL DEL CUSCO |
||
| 082 |
_a330.909 / _bG59 |
||
| 100 |
_aGoldschmied, Leo _915697 |
||
| 245 | _aHistoria de la banca / | ||
| 260 |
_aMéxico : _bUTEHA, _c1961. |
||
| 300 |
_a114 páginas ; _c16.5 cm. |
||
| 505 | _aContenido: Antigüedad -- Edad Media -- Época moderna: siglos XVI y XVII -- Época moderna: siglo XVIII -- Época moderna: los bancos en los siglos XIX y XX ... | ||
| 650 |
_aHistoria de la economía _98892 |
||
| 650 |
_aBanca _915654 |
||
| 650 |
_aBancos _94353 |
||
| 942 |
_2ddc _cLIBROS |
||
| 945 | _alccs | ||